000 00507nam a2200169 i 4500
001 78235
003 ES-MaACL
005 20230906173619.0
007 t|
008 041013s1966 sp ||||1| spa d
100 1 _aHappach, Vollrat.
_961793
245 1 0 _aCálculo técnico /
_cpor Vollrat Happach ; [traducción por Carlos de Salas].
260 _aBarcelona :
_bLabor,
_c[1966]
300 _aVIII, 243 p. :
_bil. ;
_c22 cm.
700 1 _aSalas, Carlos de.
_9101725
852 _aES-MaACL
_jC-31588
_bR.61767
999 _c78235
_d78235